Treatment and landfilling of hazardous waste (Record no. 106099)
[ view plain ]
| 000 -LEADER | |
|---|---|
| fixed length control field | 01095cam a2200205 4500 |
| 001 - CONTROL NUMBER | |
| control field | ##L135565 |
| 008 - FIXED-LENGTH DATA ELEMENTS--GENERAL INFORMATION | |
| fixed length control field | 061108n2006 000 0 eng u |
| 035 ## - SYSTEM CONTROL NUMBER | |
| System control number | (Sirsi) u135565 |
| 041 0# - LANGUAGE CODE | |
| Language code of text/sound track or separate title | eng |
| 050 04 - LIBRARY OF CONGRESS CALL NUMBER | |
| Classification number | 614.76 $2 18 |
| 110 2# - MAIN ENTRY--CORPORATE NAME | |
| Corporate name or jurisdiction name as entry element | England and Wales |
| Subordinate unit | Environment Agency |
| 9 (RLIN) | 2469 |
| 245 00 - TITLE STATEMENT | |
| Title | Treatment and landfilling of hazardous waste |
| Medium | [electronic resource] |
| 260 ## - PUBLICATION, DISTRIBUTION, ETC. | |
| Place of publication, distribution, etc. | [S.l.] |
| Name of publisher, distributor, etc. | Environment Agency |
| Date of publication, distribution, etc. | 2006 |
| 520 ## - SUMMARY, ETC. | |
| Summary, etc. | Clarifies what the Environment Agency expects of all those treating and landfilling hazardous waste in a period of changes to the law. Provides an overview, background information and information on government policy. Highlights hazardous waste treatment methods and the future for the treatment. Presents the Environment Agency's position statement. |
| 590 ## - LOCAL NOTE (RLIN) | |
| Local note | IKA141106 |
| 651 #4 - SUBJECT ADDED ENTRY--GEOGRAPHIC NAME | |
| Geographic name | England |
| Chronological subdivision | 886- |
| 690 ## - LOCAL SUBJECT ADDED ENTRY--TOPICAL TERM (OCLC, RLIN) | |
| Topical term or geographic name as entry element | ENVIRONMENTAL AND LAND CONSULTANCY-WASTE MANAGEMENT-HAZARDOUS WASTE TREATMENT |
| 856 40 - ELECTRONIC LOCATION AND ACCESS | |
| Uniform Resource Identifier | <a href="https://www.environment-agency.gov.uk/research/library/position/41221.aspx">https://www.environment-agency.gov.uk/research/library/position/41221.aspx</a> |
| Public note | View the note free of charge at www.environment-agency.gov.uk |
| 942 ## - ADDED ENTRY ELEMENTS (KOHA) | |
| Suppress in OPAC | 0 |
| Withdrawn status | Lost status | Source of classification or shelving scheme | Damaged status | Not for loan | Home library | Current library | Shelving location | Date acquired | Total Checkouts | Full call number | Barcode | Date last seen | Copy number | Price effective from | Koha item type |
|---|---|---|---|---|---|---|---|---|---|---|---|---|---|---|---|
| Dewey Decimal Classification | Virtual | Virtual | Online | 08/11/2006 | ONLINE PUBLICATION | 135565-2001 | 06/08/2019 | 1 | 06/08/2019 | Online material |